Coïmbre / Coimbra - Choix multiples - Statistiques

Statistiques générales
  • Ce quiz a été pris 8 fois
  • Le résultat moyen est 6 sur 10
Statistiques - réponses
Question Réponse % Correct
Quel établissement public a fait la renommée de Coïmbre dans tout le Portugal et même au-delà des frontières et ce depuis le Moyen-âge ? Son université
88%
Dans quelle "région" du Portugal se situe Coïmbre ? Le Centre
75%
Reconnaissez-vous Coïmbre sur l'une des images suivantes ?
63%
Quel genre de musique portugais possède une variante spécifique à Coïmbre, variante plus légère que dans le reste du pays, avec la guitare classique prédominante ? Le fado
63%
Quel fleuve arrose Coïmbre ? Le Mondego
63%
Coïmbre est nichée sur la colline de l'Alcaçova à laquelle on accède par des ruelles étroites et des escaliers appelés : "escadas do Quebra-Costas". Que signifie ce nom en français ? Les escaliers brise-dos
63%
Comment s'appelle la voyante de l'apparition de la sainte Vierge de Fátima de 1917 qui entra au carmel Sainte-Thérèse de Coïmbre en 1948 (prénom francisé) ? Lucie
50%
Parmi les personnalités portugaises suivantes, laquelle est le neveu d'un prêtre du monastère de la Sainte-Croix de Coïmbre ? Luís de Camões
38%
Quel saint étudia au monastère de la Sainte-Croix de Coïmbre ? Saint Antoine de Padoue
38%
De quel pays proviennent les arbres comme le figuier de la Baie de Moreton et le Karri Knight ? Ce dernier est l'arbre le plus haut d'Europe depuis son importation au jardin botanique de Coïmbre. L'Australie
25%
Aucun quiz correspondant
Distribution des résultats
% des personnes avec chaque résultat
Percentile par nombre de réponses
Votre historique - résultats
Vous n’avez pas pris ce quiz